Loser - Tame Impala (all lyrics) - Statistics

General Stats
  • This quiz has been taken 22 times
  • The average score is 122 of 185
Answer Stats
Answer % Correct
a
100%
babe
100%
(babe)
100%
I
100%
I'm
100%
loser,
100%
heart
94%
my
94%
out?
94%
out
94%
tear
94%
to
94%
you
94%
it,
88%
it
88%
wanna
88%
Do
81%
had
81%
mess
81%
this
81%
figure
75%
it's
75%
never
75%
now
75%
or
75%
tell
75%
tragedy
75%
Tried
75%
tried
75%
whole
75%
ya,
75%
couldn't
69%
for
63%
much
63%
shit,
63%
So
63%
the
63%
The
63%
wrecked
63%
composure
56%
correct
56%
fight
56%
how
56%
life
56%
like
56%
lost
56%
write
56%
badly
50%
Badly
50%
closure,
50%
didn't
50%
don't
50%
Fuck
50%
in
50%
is,
50%
know
50%
Tryna
50%
feel
44%
learned
44%
lesson
44%
lesson,
44%
message,
44%
sign,
44%
Take
44%
That's
44%
wanted
44%
why
44%
(yeah)
44%
you're
44%
You're
44%
as
38%
behavior
38%
get
38%
needed
38%
think
38%
well,
38%
and
31%
defeated
31%
Desperate
31%
desperate
31%
fell
31%
into
31%
lie,
31%
measures
31%
of
31%
call
25%
cannot
25%
Dark
25%
probably
25%
stars,
25%
streets,
25%
times
25%
(ah)
19%
alone
19%
believe
19%
crisis,
19%
Man,
19%
roam
19%
favor,
13%
leave
13%
magnified
13%
Night
13%
worst
13%
air,
6%
breathe
6%
No matching quizzes found
Score Distribution
Percent of People with Each Score
Percentile by Number Answered
Your Score History
You have not taken this quiz